সবার জন্য C কম্পিউটার প্রোগ্রামিং ল্যাংগুয়েজ (Record no. 12072)
[ view plain ]
| 000 -LEADER | |
|---|---|
| fixed length control field | 00836nam a2200229 a 4500 |
| 001 - CONTROL NUMBER | |
| JCCL Control Number | 12072 |
| 003 - CONTROL NUMBER IDENTIFIER | |
| JCCL marc code | BD-JhCC |
| 005 - DATE AND TIME OF LATEST TRANSACTION | |
| control field | 20210311100755.0 |
| 008 - FIXED-LENGTH DATA ELEMENTS--GENERAL INFORMATION | |
| fixed length control field | 210311b19972020bg a|||| ||a| 001 0 mul d |
| 020 ## - INTERNATIONAL STANDARD BOOK NUMBER | |
| International Standard Book Number | 9848485295 |
| 035 ## - SYSTEM CONTROL NUMBER | |
| system control number | (BD-JhCC)12072 |
| 040 ## - CATALOGING SOURCE | |
| Original cataloging agency | BD-JhCC |
| Modifying agency | BD-JhCC |
| 041 ## - LANGUAGE CODE | |
| Language code of Book | mul |
| 082 ## - DEWEY DECIMAL CLASSIFICATION NUMBER | |
| Classification number | 005.133 |
| Author mark and Year | NIT 2020 |
| 100 ## - MAIN ENTRY--PERSONAL NAME | |
| Personal name | নিটন, মোঃ কামরুজ্জামান |
| 245 ## - TITLE STATEMENT | |
| Title | সবার জন্য C কম্পিউটার প্রোগ্রামিং ল্যাংগুয়েজ |
| Statement of responsibility, etc | নিটন, মোঃ কামরুজ্জামান |
| 260 ## - PUBLICATION, DISTRIBUTION, ETC. (IMPRINT) | |
| Place of publication, distribution, etc | ঢাকা : |
| Name of publisher, distributor, etc | জ্ঞানকোষ প্রকাশনী; |
| Date of publication, distribution, etc | ২০২০. |
| 300 ## - PHYSICAL DESCRIPTION | |
| Pagination | 702 p. : |
| Other physical details | ill |
| Dimensions | 24 cm. |
| 650 ## - SUBJECT ADDED ENTRY--TOPICAL TERM | |
| Topical term or geographic name as entry element | C++ (Computer program language) |
| 942 ## - ADDED ENTRY ELEMENTS (KOHA) | |
| Source of classification or shelving scheme | Dewey Decimal Classification |
| Koha item type | Books |
| Source of classification or shelving scheme | Damaged status | Not for loan | Home library | Current library | Shelving location | Date of accession | Cost, normal purchase price | Total Checkouts | Full call number | Barcode | Date last seen | Date checked out | Copy number | Koha item type |
|---|---|---|---|---|---|---|---|---|---|---|---|---|---|---|
| Dewey Decimal Classification | JCC Rouf Library | JCC Rouf Library | General Stacks | 03/11/2021 | 375.00 | 3 | 005.133 NIT 2020 | 16449 | 10/28/2024 | 10/27/2024 | C-1 | Books |